Bajo el manto de Temis y otros cuentos /
Uloženo v:
| Hlavní autor: | |
|---|---|
| Médium: | Neznámo |
| Jazyk: | Spanish |
| Vydáno: |
San José, Costa Rica :
Antonio Lehmann,
1972.
|
| Témata: | |
| Tagy: |
Přidat tag
Žádné tagy, Buďte první, kdo vytvoří štítek k tomuto záznamu!
|
MARC
| LEADER | 000000000a22000000004500 | ||
|---|---|---|---|
| 001 | 002671 | ||
| 041 | 0 | |a spa | |
| 082 | 0 | 4 | |a CR863.4 |b E439b |
| 100 | 1 | |a Elizondo, Víctor Manuel | |
| 245 | 1 | 0 | |a Bajo el manto de Temis y otros cuentos / |c Víctor Manuel Elizondo. |
| 260 | 1 | |a San José, Costa Rica : |b Antonio Lehmann, |c 1972. | |
| 300 | |a 103 páginas | ||
| 650 | 4 | |a LITERATURA COSTARRICENSE | |
| 650 | 4 | |a CUENTOS | |
| 999 | |c 9043 |d 9043 | ||
| 942 | |c BK |h CR863.4 E439b |2 z | ||
